[Event "Fontaine - KGSRL"]
[Site "?"]
[Date "2013.03.03"]
[Round "10.7"]
[White "Le Quang, Kim"]
[Black "Goormachtigh, Johan"]
[Result "1/2-1/2"]
[WhiteElo "2304"]
[BlackElo "2201"]
[PlyCount "53"]
[EventDate "2013.??.??"]

1. c4 Nf6 2. g3 g6 3. Bg2 d5 4. cxd5 Nxd5 5. Nc3 Nb6 6. d3 Bg7 7. Be3 Nc6 8.
Bxc6+ bxc6 9. Qd2 h5 10. h4 Bg4 11. f3 Bf5 12. Bf2 Qd6 13. e4 Bc8 14. Nge2 Ba6
15. Rd1 Rd8 16. Nc1 c5 17. Qc2 c4 18. d4 O-O 19. O-O e5 20. N1e2 Qe6 21. Kg2
Bc8 22. Rh1 Bb7 23. dxe5 Bxe5 24. Nd4 Qf6 25. Nde2 Qe6 26. Nd4 Qf6 27. Nde2
1/2-1/2

[Event "Fontaine - KGSRL"]
[Site "?"]
[Date "2013.03.03"]
[Round "10.5"]
[White "Wantiez, Fabrice"]
[Black "Ducarmon, Quinten"]
[Result "0-1"]
[WhiteElo "2379"]
[BlackElo "2382"]
[PlyCount "86"]
[EventDate "2013.??.??"]

1. e4 c6 2. Nc3 d5 3. Nf3 Bg4 4. h3 Bxf3 5. Qxf3 e6 6. d3 Nd7 7. g3 Bb4 8. Bd2
d4 9. Nb1 Qb6 10. Bg2 Bxd2+ 11. Nxd2 Qxb2 12. O-O Qb4 13. Nc4 b5 14. Rfb1 Qc5
15. Na5 e5 16. g4 Qb6 17. Nb3 Ne7 18. h4 Ng6 19. h5 Nf4 20. g5 h6 21. g6 fxg6
22. Bh3 gxh5 23. Bxd7+ Kxd7 24. c3 c5 25. a4 b4 26. cxd4 cxd4 27. a5 Qg6+ 28.
Kh2 Qd6 29. a6 Rac8 30. Na5 Rc2 31. Nc4 Qf6 32. Qg3 Nxd3 33. Rf1 Qf4 34. Qxf4
exf4 35. Nb6+ axb6 36. a7 Ra8 37. Rfd1 Rc3 38. e5 Ke6 39. f3 Nxe5 40. Kg2 Rc2+
41. Kh3 g5 42. Rh1 Kf5 43. Rag1 Nxf3 0-1

[Event "Fontaine - KGSRL"]
[Site "?"]
[Date "2013.03.03"]
[Round "10.3"]
[White "Cekro, Ekrem"]
[Black "Van der Stricht, Geert"]
[Result "0-1"]
[WhiteElo "2404"]
[BlackElo "2412"]
[PlyCount "110"]
[EventDate "2013.??.??"]

1. c4 c6 2. Nf3 d5 3. e3 Nf6 4. Nc3 Bg4 5. d4 e6 6. h3 Bh5 7. Qb3 Qb6 8. c5 Qc7
9. Ne5 Nbd7 10. f4 Nxe5 11. fxe5 Nd7 12. Ne2 Be7 13. Nf4 Bh4+ 14. Kd2 Bg6 15.
Bd3 b6 16. cxb6 axb6 17. Ke2 c5 18. Bxg6 hxg6 19. Kd1 Qc6 20. Bd2 Bg5 21. g3
Ra4 22. Qd3 cxd4 23. exd4 Bxf4 24. gxf4 Qc4 25. Qxc4 dxc4 26. Kc2 Ke7 27. a3
Nb8 28. Bb4+ Kd7 29. Kc3 b5 30. Rag1 Nc6 31. Bc5 Na5 32. h4 Rh5 33. Rg5 Nb3 34.
Bf8 Rh7 35. Bd6 Kc6 36. h5 Ra8 37. Rhg1 Rxh5 38. Rxh5 gxh5 39. Rxg7 Rh8 40. a4
h4 41. axb5+ Kxb5 42. Rg2 h3 43. Rh2 Rh4 44. Be7 Rxf4 45. Rxh3 Nxd4 46. Bf8
Rf3+ 47. Rxf3 Nxf3 48. Bd6 Ng5 49. Kd4 Nf3+ 50. Kc3 Ng1 51. Be7 Ne2+ 52. Kd2
Nf4 53. Bd6 Nd5 54. Kc2 Kc6 55. Bb8 Nb6 0-1

[Event "Fontaine - KGSRL"]
[Site "?"]
[Date "2013.03.03"]
[Round "10.1"]
[White "Todorov, Todor"]
[Black "Rozentalis, Eduardas"]
[Result "1/2-1/2"]
[WhiteElo "2501"]
[BlackElo "2600"]
[PlyCount "100"]
[EventDate "2013.??.??"]

1. e4 Nf6 2. e5 Nd5 3. d4 d6 4. c4 Nb6 5. exd6 cxd6 6. Nc3 g6 7. a4 Bg7 8. a5
N6d7 9. Ra3 O-O 10. Nf3 e5 11. Be2 Nc6 12. d5 Nd4 13. Nxd4 exd4 14. Nb5 Qh4 15.
O-O Nc5 16. g3 Qf6 17. b4 d3 18. bxc5 dxe2 19. Qxe2 dxc5 20. Nc7 Rb8 21. Ne8
Qe5 22. Re3 Rxe8 23. Rxe5 Rxe5 24. Qd1 Re4 25. Bf4 Ra8 26. Kg2 Bf5 27. Qb3 b6
28. Qb5 h5 29. h4 Re2 30. Bc7 Rd2 31. d6 Be5 32. Re1 Bd4 33. Rf1 Be5 34. Qc6
Rc8 35. axb6 axb6 36. Qxb6 Bd7 37. Qxc5 Bxd6 38. Qe3 Bb4 39. Rb1 Bc6+ 40. Kf1
Rxc7 41. Rxb4 Rd1+ 42. Ke2 Rd8 43. Qg5 Rcd7 44. Rb3 Rd4 45. Qc5 Rd2+ 46. Ke3
R2d6 47. f3 Re6+ 48. Kf2 Rd2+ 49. Kf1 Rd1+ 50. Kf2 Rd2+ 1/2-1/2

[Event "Fontaine - Eynatten 2 "]
[Site "?"]
[Date "2012.10.07"]
[Round "2.5"]
[White "Wantiez, Fabrice"]
[Black "Vanstreels, Luk"]
[Result "1-0"]
[WhiteElo "2379"]
[BlackElo "2072"]
[PlyCount "63"]
[EventDate "2012.10.07"]

1. e4 c6 2. Nc3 d5 3. Nf3 dxe4 4. Nxe4 Bg4 5. h3 Bxf3 6. Qxf3 e6 7. b3 Nd7 8.
Bb2 Ngf6 9. Nxf6+ Nxf6 10. Bc4 Be7 11. g4 Qa5 12. a3 h5 13. Rg1 hxg4 14. hxg4
O-O-O 15. b4 Qg5 16. O-O-O Rh4 17. Be2 Kb8 18. Kb1 c5 19. bxc5 Bxc5 20. d4 Be7
21. c4 Rdh8 22. Qg3+ Kc8 23. Qb3 Ne4 24. c5 Rh3 25. Qc2 Qd5 26. Bc4 Qc6 27. d5
exd5 28. Bxd5 Qb5 29. Qxe4 Bxc5 30. Rc1 b6 31. Qf5+ Kb8 32. Qxf7 1-0

[Event "Fontaine - Eynatten 2 "]
[Site "?"]
[Date "2012.10.07"]
[Round "2.3"]
[White "Claesen, Pieter"]
[Black "Dischinger, Frank"]
[Result "1-0"]
[WhiteElo "2374"]
[BlackElo "2172"]
[PlyCount "43"]
[EventDate "2012.10.07"]

1. c4 e5 2. Nc3 Nc6 3. g3 g6 4. Bg2 Bg7 5. e3 Nge7 6. Nge2 O-O 7. O-O d6 8. d3
Be6 9. Nd5 Qd7 10. b3 Nd8 11. Ba3 f5 12. Rc1 c6 13. Nxe7+ Qxe7 14. d4 Bf7 15.
dxe5 Bxe5 16. Qd2 c5 17. Nc3 Nc6 18. Nd5 Qd7 19. Bxc5 Rad8 20. Ba3 Be6 21. Rcd1
Rf7 22. Nf4 1-0

[Event "Fontaine - Eynatten 2"]
[Site "?"]
[Date "2012.10.07"]
[Round "2.7"]
[White "Le Quang, Kim"]
[Black "Richters, Marc"]
[Result "1/2-1/2"]
[WhiteElo "2304"]
[BlackElo "2045"]
[PlyCount "65"]
[EventDate "2012.10.07"]

1. c4 Nf6 2. g3 e5 3. Bg2 c6 4. d4 e4 5. Nc3 d5 6. Bg5 Be7 7. Nh3 dxc4 8. Bxf6
Bxf6 9. e3 Bf5 10. Nxe4 Be7 11. O-O O-O 12. Nf4 Nd7 13. Qc2 Nb6 14. Nf6+ Bxf6
15. Qxf5 Rc8 16. Rfd1 g6 17. Qc2 Qe7 18. Bf1 Qb4 19. a3 Qa4 20. Rac1 Qxc2 21.
Rxc2 c5 22. d5 Na4 23. Bxc4 Nxb2 24. Rb1 Nxc4 25. Rxc4 b6 26. a4 Rfd8 27. e4 g5
28. Nd3 Bd4 29. a5 Rd6 30. Kg2 f5 31. e5 Rxd5 32. axb6 axb6 33. Rxb6 1/2-1/2

[Event "Fontaine - Eynatten 2"]
[Site "?"]
[Date "2012.10.07"]
[Round "2.1"]
[White "Ringoir, Tanguy"]
[Black "Becker, Marcel"]
[Result "1-0"]
[WhiteElo "2457"]
[BlackElo "2427"]
[PlyCount "51"]
[EventDate "2012.10.07"]

1. d4 d5 2. c4 c6 3. Nc3 Nf6 4. e3 Bg4 5. f3 Bf5 6. Nge2 e6 7. g4 Bg6 8. h4 h6
9. Nf4 Bh7 10. g5 hxg5 11. hxg5 Bc2 12. Qxc2 Rxh1 13. Qg2 Rxf1+ 14. Kxf1 Nfd7
15. g6 Qf6 16. e4 Bb4 17. cxd5 cxd5 18. exd5 e5 19. gxf7+ Kxf7 20. Ne6 Na6 21.
Ne4 Qg6 22. Qxg6+ Kxg6 23. a3 Bf8 24. dxe5 Nxe5 25. Ke2 Re8 26. Be3 1-0

[Event "Fontaine - Deurne"]
[Site "?"]
[Date "2012.10.21"]
[Round "3.8"]
[White "Capone, Nicola"]
[Black "Dugailliez, Guy"]
[Result "0-1"]
[WhiteElo "2180"]
[BlackElo "1957"]
[PlyCount "69"]
[EventDate "2012.??.??"]

1. e4 Nf6 2. e5 Nd5 3. c4 Nb6 4. d4 d6 5. f4 g5 6. Nc3 Bg7 7. exd6 Qxd6 8. Nb5
Qe6+ 9. Qe2 Na6 10. Nf3 c6 11. Na3 gxf4 12. Bxf4 Nb4 13. Kf2 Qxe2+ 14. Bxe2 Bf5
15. Ne5 Na4 16. b3 Nc3 17. Bf3 O-O-O 18. Ke3 Rhe8 19. Rac1 Nbxa2 20. d5 Nxc1
21. Rxc1 Na2 22. dxc6 Nxc1 23. cxb7+ Kc7 24. Nxf7+ e5 25. Nb5+ Kb8 26. Bg3 Rd3+
27. Kf2 Re7 28. Nfd6 Bd7 29. Be4 Bxb5 30. Nxb5 Rd2+ 31. Kf3 Nxb3 32. Bh4 Rf7+
33. Kg3 Nc5 34. Bc6 Rd3+ 35. Kg4 0-1

[Event "Fontaine - Deurne"]
[Site "?"]
[Date "2012.10.21"]
[Round "3.6"]
[White "Wantola, Ivo"]
[Black "Tolk, Pieter"]
[Result "1-0"]
[WhiteElo "2337"]
[BlackElo "2153"]
[PlyCount "145"]
[EventDate "2012.??.??"]

1. Nf3 d5 2. d4 c6 3. c4 Nf6 4. Nc3 a6 5. a4 g6 6. g3 Bg7 7. Bg2 O-O 8. O-O
dxc4 9. a5 b5 10. axb6 Qxb6 11. Qa4 a5 12. Qxc4 Be6 13. Qd3 Na6 14. Na4 Qd8 15.
Bd2 Nd5 16. Ng5 Bc8 17. Qc4 Nab4 18. Qc5 e5 19. e4 Nc7 20. Nb6 Rb8 21. Nxc8
Rxc8 22. Nf3 exd4 23. Qxa5 Nd3 24. Qa3 Ne5 25. Nxe5 Bxe5 26. Qc5 Qd6 27. Bb4
Qxc5 28. Bxc5 Rfd8 29. f4 Ne6 30. Bh3 Bd6 31. Bxe6 fxe6 32. Rac1 d3 33. Rfd1
Bxc5+ 34. Rxc5 Rd6 35. Rd2 Kf7 36. Kf2 Rb8 37. Ke3 Rb6 38. Rc3 Ke7 39. e5 Rd5
40. Rcxd3 h5 41. Rxd5 exd5 42. Kd4 Rb4+ 43. Kc3 Re4 44. b3 Ke6 45. Ra2 g5 46.
fxg5 Kxe5 47. Ra6 Kd6 48. Ra8 Rg4 49. Rg8 Ke7 50. b4 Rc4+ 51. Kb3 c5 52. Rb8
Kf7 53. h4 Rc1 54. b5 Rb1+ 55. Kc2 Rb4 56. b6 Kg7 57. b7 c4 58. Kc3 Rb3+ 59.
Kd4 Rb5 60. g6 Rb1 61. g4 hxg4 62. h5 g3 63. h6+ Kxh6 64. Rh8+ Kxg6 65. b8=Q
Rxb8 66. Rxb8 Kf5 67. Ke3 c3 68. Kf3 d4 69. Rb5+ Ke6 70. Ke2 Kf6 71. Kd3 g2 72.
Rb1 Kf5 73. Rg1 1-0

[Event "Fontaine - Deurne"]
[Site "?"]
[Date "2012.10.21"]
[Round "3.4"]
[White "Maréchal, Andy"]
[Black "Minyeyevtsev, Semen"]
[Result "1/2-1/2"]
[WhiteElo "2380"]
[BlackElo "2213"]
[PlyCount "66"]
[EventDate "2012.??.??"]

1. e4 e5 2. Nf3 Nc6 3. Bc4 d6 4. c3 g6 5. d4 Bg7 6. dxe5 dxe5 7. Qe2 Nge7 8.
O-O O-O 9. b4 Qe8 10. a4 Nd8 11. Na3 Be6 12. Rd1 a6 13. a5 Nec6 14. Be3 f6 15.
Ne1 Qf7 16. Rd2 Re8 17. Rad1 Bf8 18. Nec2 Bxc4 19. Nxc4 Ne6 20. Nb2 Red8 21.
Qc4 Rxd2 22. Rxd2 Rd8 23. Rxd8 Nexd8 24. Bd2 Qxc4 25. Nxc4 Ne6 26. N2e3 Kf7 27.
Nd5 Nb8 28. Nb2 Nd7 29. Nd3 c6 30. Ne3 Bd6 31. Kf1 Bc7 32. f3 Bb8 33. Nc4 Bc7
1/2-1/2

[Event "Fontaine - Deurne"]
[Site "?"]
[Date "2012.10.21"]
[Round "3.2"]
[White "Cekro, Ekrem"]
[Black "Sadkowski, Daniël"]
[Result "1-0"]
[WhiteElo "2404"]
[BlackElo "2338"]
[PlyCount "73"]
[EventDate "2012.??.??"]

1. c4 e5 2. Nc3 Nf6 3. Nf3 Nc6 4. g3 Bb4 5. Bg2 O-O 6. O-O Re8 7. d3 Bxc3 8.
bxc3 e4 9. Ng5 exd3 10. exd3 d6 11. Rb1 Ne5 12. Bf4 Rb8 13. Bxe5 dxe5 14. d4
exd4 15. cxd4 h6 16. Nf3 Bf5 17. Rb2 Be4 18. Qd2 Qd6 19. Qc3 Rbd8 20. Re1 b6
21. Rbe2 Kf8 22. c5 Qd5 23. Qa3 Kg8 24. cxb6 axb6 25. Qc3 b5 26. a3 Qa8 27. h3
Qd5 28. Kh2 c6 29. Nh4 Bxg2 30. Rxe8+ Rxe8 31. Rxe8+ Nxe8 32. Nxg2 Qe4 33. Ne3
Nf6 34. Qc2 Qxc2 35. Nxc2 Kf8 36. Nb4 Ne4 37. Kg2 {Vlag} 1-0

[Event "Fontaine - CREC"]
[Site "?"]
[Date "2012.09.23"]
[Round "1.8"]
[White "Le Quang, Kim"]
[Black "Akhayan, Ruben"]
[Result "1-0"]
[WhiteElo "2304"]
[BlackElo "2288"]
[PlyCount "71"]
[EventDate "2012.09.23"]

1. c4 c5 2. g3 Nf6 3. Bg2 d5 4. cxd5 Nxd5 5. Nc3 Nc7 6. Nf3 Nc6 7. O-O e5 8. a3
f6 9. e3 Be7 10. d4 exd4 11. exd4 cxd4 12. Ne2 Ne6 13. b4 a6 14. Bb2 d3 15. Nc1
O-O 16. Nxd3 Kh8 17. Re1 Qb6 18. Nh4 g6 19. Qc1 g5 20. Nf5 Bd8 21. Be4 a5 22.
Qd1 axb4 23. Qh5 Qc7 24. axb4 Rxa1 25. Bxa1 Qd7 26. b5 Ne7 27. Nd6 Ng8 28. Nxc8
Ba5 29. Rc1 Nd8 30. Nd6 Bb4 31. Nxb4 Ne6 32. Nd5 h6 33. Nxf6 Nxf6 34. Qxh6+ Kg8
35. Bxf6 Qxd6 36. Qh7# 1-0

[Event "Fontaine - CREC"]
[Site "?"]
[Date "2012.09.23"]
[Round "1.6"]
[White "Maréchal, Andy"]
[Black "Laurent, Bruno"]
[Result "1/2-1/2"]
[WhiteElo "2342"]
[BlackElo "2364"]
[PlyCount "24"]
[EventDate "2012.09.23"]

1. e4 e5 2. Nf3 Nc6 3. d4 exd4 4. Nxd4 Bc5 5. Nb3 Bb4+ 6. c3 Be7 7. g3 Nf6 8.
Bg2 d6 9. O-O O-O 10. Re1 Re8 11. Nd4 Bd7 12. Nxc6 Bxc6 1/2-1/2

[Event "Fontaine - CREC"]
[Site "?"]
[Date "2012.09.23"]
[Round "1.4"]
[White "Cekro, Ekrem"]
[Black "Eliet, Nicolas"]
[Result "1/2-1/2"]
[WhiteElo "2397"]
[BlackElo "2389"]
[PlyCount "52"]
[EventDate "2012.09.23"]

1. c4 g6 2. g3 Bg7 3. Bg2 c5 4. Nc3 Nc6 5. a3 d6 6. e3 Bxc3 7. bxc3 Qd7 8. Ne2
b6 9. e4 Bb7 10. d3 f5 11. Nf4 O-O-O 12. exf5 gxf5 13. O-O Nf6 14. Nd5 Ng4 15.
Re1 e6 16. Nf4 Rde8 17. a4 Nf6 18. Ra2 Re7 19. Rae2 Rhe8 20. h3 Ne5 21. Ra2
Bxg2 22. Nxg2 Qc6 23. Nh4 a5 24. Bg5 Rf7 25. f4 Ned7 26. Qf3 Qxf3 1/2-1/2

[Event "Fontaine - CREC"]
[Site "?"]
[Date "2012.09.23"]
[Round "1.2"]
[White "Wirig, Anthony"]
[Black "Houriez, Clément"]
[Result "1/2-1/2"]
[WhiteElo "2452"]
[BlackElo "2305"]
[PlyCount "31"]
[EventDate "2012.09.23"]

1. d4 Nf6 2. Bg5 e6 3. e4 h6 4. Bxf6 Qxf6 5. c3 e5 6. dxe5 Qxe5 7. Bd3 Nc6 8.
Nf3 Qh5 9. Nbd2 Be7 10. Nc4 d6 11. Ne3 Be6 12. O-O O-O 13. Bc4 Ne5 14. Nxe5
Qxe5 15. Bd5 c6 16. f4 1/2-1/2

[Event "Fontaine - Borgerhout"]
[Site "?"]
[Date "2012.11.18"]
[Round "4.7"]
[White "Le Quang, Kim"]
[Black "Lombaers, Peter"]
[Result "0-1"]
[WhiteElo "2304"]
[BlackElo "2142"]
[PlyCount "141"]
[EventDate "2012.??.??"]

1. c4 Nf6 2. g3 g6 3. Bg2 d5 4. cxd5 Nxd5 5. Nc3 Nxc3 6. bxc3 Bg7 7. Rb1 Nc6 8.
Qc2 O-O 9. d3 Na5 10. Nf3 c5 11. O-O b6 12. Bd2 Bb7 13. c4 Nc6 14. Bc3 Qd7 15.
Bxg7 Kxg7 16. Qc3+ f6 17. Rfe1 Rad8 18. a3 e5 19. Nd2 Rfe8 20. Nb3 Ba8 21. Bd5
Qh3 22. Bg2 Qd7 23. Bd5 Qh3 24. Bg2 Qc8 25. Rb2 Rd6 26. Nd2 Nd4 27. Ne4 Qc6 28.
f3 Rdd8 29. e3 Nf5 30. Rf2 Qd7 31. Bf1 Qe7 32. a4 a5 33. Rb2 Qc7 34. Kf2 Bc6
35. Reb1 Rb8 36. Qc2 Red8 37. Be2 Ne7 38. Nc3 Nc8 39. Bf1 Qd7 40. Nb5 Bxb5 41.
Rxb5 Qc7 42. R5b2 Nd6 43. Bh3 Ne8 44. Rb3 Qc6 45. Ra3 Nc7 46. Bg2 Na6 47. f4
Qd6 48. Qe2 Nb4 49. Rd1 Re8 50. f5 Rbd8 51. Be4 gxf5 52. Bxf5 Kh8 53. Raa1 Rg8
54. Qf3 Qc6 55. Be4 Qe6 56. Kg2 Rg5 57. h4 Rg7 58. Bf5 Qd6 59. Kf2 Rdg8 60. g4
e4 61. Qxe4 Qh2+ 62. Qg2 Qxh4+ 63. Kf3 Qg5 64. Rh1 Qxf5+ 65. gxf5 Rxg2 66.
Rxh7+ Kxh7 67. Rh1+ Kg7 68. Kxg2 Nxd3 69. Rd1 Kf7+ 70. Kf1 Ne5 71. Rd6 0-1

[Event "Fontaine - Borgerhout"]
[Site "?"]
[Date "2012.11.18"]
[Round "4.5"]
[White "Wantiez, Fabrice"]
[Black "Diepeveen, Vincent"]
[Result "0-1"]
[WhiteElo "2379"]
[BlackElo "2314"]
[PlyCount "96"]
[EventDate "2012.??.??"]

1. e4 c6 2. Nc3 d5 3. Nf3 Bg4 4. h3 Bh5 5. exd5 cxd5 6. Bb5+ Nc6 7. d4 e6 8. g4
Bg6 9. Ne5 Rc8 10. h4 f6 11. Nxg6 hxg6 12. Bd3 Kf7 13. Ne2 Bd6 14. c3 Nge7 15.
Be3 Qa5 16. Kf1 b5 17. b4 Qb6 18. a4 bxa4 19. Qxa4 Ra8 20. Kg2 Qc7 21. f3 Nc8
22. Qc2 N6e7 23. Ra6 Nb6 24. Bf2 Rab8 25. Rha1 Rb7 26. Qa2 Ra8 27. Be1 Nc4 28.
Bf2 Nb6 29. Qd2 Rh8 30. Qe1 g5 31. hxg5 Rh2+ 32. Kg1 Qb8 33. g6+ Nxg6 34. Bxg6+
Kxg6 35. Qb1+ Kf7 36. Kf1 Nc4 37. Qd3 Qh8 38. Rxa7 Qh3+ 39. Ke1 Rh1+ 40. Ng1
Rxa7 41. Rxa7+ Be7 42. Ke2 Qh6 43. Ra1 Rh2 44. Ke1 Rxf2 45. Kxf2 Qh2+ 46. Kf1
Nd2+ 47. Qxd2 Qxd2 48. Ne2 Qe3 0-1

[Event "Fontaine - Borgerhout"]
[Site "?"]
[Date "2012.11.18"]
[Round "4.3"]
[White "Claesen, Pieter"]
[Black "Wemmers, Xander"]
[Result "1/2-1/2"]
[WhiteElo "2381"]
[BlackElo "2403"]
[PlyCount "81"]
[EventDate "2012.??.??"]

1. d4 Nf6 2. Nf3 g6 3. Nc3 d5 4. Bf4 Bg7 5. e3 c6 6. h3 Qb6 7. Rb1 a5 8. Bd3
O-O 9. O-O Nbd7 10. Re1 Re8 11. Bh2 Nf8 12. b3 Qa7 13. Ne2 b6 14. c4 Ba6 15.
Rc1 Rac8 16. Ne5 N8d7 17. Nxd7 Nxd7 18. cxd5 cxd5 19. Nc3 e6 20. Nb5 Bxb5 21.
Bxb5 Bf8 22. Re2 Ba3 23. Rcc2 Qb7 24. Qd3 Rxc2 25. Rxc2 Rc8 26. Bf4 Nb8 27. h4
h5 28. f3 Be7 29. g3 Kg7 30. e4 dxe4 31. fxe4 Bf6 32. Rxc8 Qxc8 33. d5 exd5 34.
exd5 Nd7 35. Bxd7 Qxd7 36. Kg2 a4 37. Qc4 axb3 38. axb3 b5 39. Qc6 Qf5 40. Qxb5
Qe4+ 41. Kh2 1/2-1/2

[Event "Fontaine - Borgerhout"]
[Site "?"]
[Date "2012.11.18"]
[Round "4.1"]
[White "Haub, Thorsten"]
[Black "Van Eijk, Sander"]
[Result "1/2-1/2"]
[WhiteElo "2466"]
[BlackElo "2491"]
[PlyCount "117"]
[EventDate "2012.??.??"]

1. g3 c5 2. Bg2 g6 3. Nf3 Bg7 4. O-O Nc6 5. d3 d6 6. e4 e5 7. c3 Nge7 8. Nbd2
O-O 9. Nh4 d5 10. f4 exf4 11. gxf4 Rb8 12. f5 Bf6 13. fxg6 fxg6 14. Nhf3 Bg4
15. Qe2 d4 16. e5 Nxe5 17. cxd4 Nxf3+ 18. Nxf3 Bxd4+ 19. Kh1 Nc6 20. Qc2 Qd5
21. Qc4 Qxc4 22. dxc4 Bg7 23. Be3 Bxb2 24. Rab1 Bd4 25. Nxd4 Rxf1+ 26. Rxf1
Nxd4 27. Bxd4 cxd4 28. Bd5+ Kg7 29. Rf7+ Kh6 30. Rf4 Kg5 31. Rxd4 Rd8 32. Rd3
h5 33. Ra3 b5 34. Rxa7 bxc4 35. Bxc4 Rd1+ 36. Kg2 Rd2+ 37. Kg1 Bh3 38. Ra3 Kh4
39. Ra4 Kg5 40. Ra3 Bf5 41. Bf1 Be4 42. h4+ Kf4 43. Ra4 Ke5 44. Ra5+ Kf6 45.
Ra4 Bd5 46. a3 Ke5 47. Rb4 Ra2 48. Rb5 Kd4 49. Rb6 Be4 50. Rb3 Ke5 51. Rc3 Kf4
52. Rb3 Kg4 53. Rb4 Kf3 54. Rb3+ Kf4 55. Rb4 Rxa3 56. Bg2 Ra1+ 57. Kh2 Re1 58.
Bxe4 Rxe4 59. Rb6 1/2-1/2

[Event "Fontaine - Anderlecht"]
[Site "?"]
[Date "2013.02.03"]
[Round "8.7"]
[White "Le Quang, Kim"]
[Black "Rihouay, Clément"]
[Result "1/2-1/2"]
[WhiteElo "2304"]
[BlackElo "2195"]
[PlyCount "53"]
[EventDate "2013.??.??"]

1. c4 b6 2. Nc3 c5 3. d3 Bb7 4. e4 e6 5. g3 Ne7 6. Bg2 Nbc6 7. Nge2 Nd4 8. Nxd4
cxd4 9. Ne2 Nc6 10. O-O e5 11. f4 d6 12. Bd2 a5 13. b3 Be7 14. a3 O-O 15. Qc2
Qc7 16. b4 axb4 17. axb4 Rfb8 18. Rfb1 Qc8 19. b5 Nd8 20. Bb4 Bf8 21. Qd1 Rxa1
22. Rxa1 Ra8 23. f5 Rxa1 24. Qxa1 Qa8 25. Qxa8 Bxa8 26. Nc1 Nb7 27. Nb3 1/2-1/2

[Event "Fontaine - Anderlecht"]
[Site "?"]
[Date "2013.02.03"]
[Round "8.5"]
[White "Marechal, Andy"]
[Black "Spaan, Nathanael"]
[Result "1-0"]
[WhiteElo "2380"]
[BlackElo "2220"]
[PlyCount "105"]
[EventDate "2013.??.??"]

1. e4 c5 2. Nc3 Nc6 3. Bb5 g6 4. Bxc6 dxc6 5. f4 Bg7 6. Nf3 Bg4 7. h3 Bxf3 8.
Qxf3 h5 9. O-O Qd4+ 10. Kh1 Nf6 11. d3 Ng4 12. Ne2 Qd7 13. Qg3 Nf6 14. Be3 b6
15. a4 c4 16. Nc3 cxd3 17. Rad1 Qe6 18. cxd3 h4 19. Qf3 Rd8 20. Rfe1 Qb3 21.
Qf2 Nh5 22. d4 Ng3+ 23. Kh2 f5 24. e5 O-O 25. Rc1 Rc8 26. Qf3 Rfd8 27. Bf2 e6
28. Red1 Kf7 29. Ne4 Qxf3 30. Ng5+ Ke7 31. Nxf3 Bh6 32. Bxg3 hxg3+ 33. Kxg3 Rd5
34. Rc4 Kd7 35. Rdc1 b5 36. axb5 Rxb5 37. Ra1 Rc7 38. Rca4 Rxb2 39. Rxa7 Rcb7
40. Rxb7+ Rxb7 41. Ra8 c5 42. dxc5 Rb4 43. Ng5 Bxg5 44. fxg5 Re4 45. Rg8 Rxe5
46. Rxg6 Rxc5 47. h4 e5 48. h5 Rc3+ 49. Kh2 Rc4 50. h6 Rh4+ 51. Kg1 Ke7 52. Ra6
e4 53. h7 1-0

[Event "Fontaine - Anderlecht"]
[Site "?"]
[Date "2013.02.03"]
[Round "8.3"]
[White "Cekro, Ekrem"]
[Black "Maleki, Manuel"]
[Result "0-1"]
[WhiteElo "2404"]
[BlackElo "2280"]
[PlyCount "72"]
[EventDate "2013.??.??"]

1. c4 Nf6 2. Nc3 e6 3. e4 c5 4. Nf3 d6 5. d4 cxd4 6. Nxd4 a6 7. Be3 Qc7 8. Rc1
b6 9. g3 Bb7 10. Bg2 Be7 11. O-O O-O 12. Qe2 Nbd7 13. f4 Rfe8 14. h3 Rac8 15.
b3 Qb8 16. Bf2 Bf8 17. Nf3 Qa8 18. Rfe1 b5 19. cxb5 axb5 20. Qxb5 Nc5 21. Bxc5
Rxc5 22. Qd3 Nxe4 23. Nxe4 Bxe4 24. Qe2 d5 25. Ne5 f6 26. Nd3 Rxc1 27. Rxc1
Bxg2 28. Qxg2 e5 29. fxe5 fxe5 30. Rd1 e4 31. Nf4 d4 32. Qc2 Rc8 33. Qe2 d3 34.
Qg4 Rc2 35. Qe6+ Kh8 36. Nd5 Qa7+ 0-1

[Event "Fontaine - Anderlecht"]
[Site "?"]
[Date "2013.02.03"]
[Round "8.1"]
[White "Todorov, Todor"]
[Black "De Wit, Michel"]
[Result "1/2-1/2"]
[WhiteElo "2501"]
[BlackElo "2295"]
[PlyCount "70"]
[EventDate "2013.??.??"]

1. e4 e5 2. Nf3 Nc6 3. Bb5 a6 4. Bxc6 dxc6 5. O-O Ne7 6. d4 exd4 7. Nxd4 g6 8.
Bg5 Bg7 9. c3 h6 10. Bh4 c5 11. Nb3 Qxd1 12. Rxd1 b6 13. Bg3 Ra7 14. N1d2 Be6
15. Nc1 g5 16. Nd3 Ng6 17. Nf1 O-O 18. Ne3 Kh7 19. Nd5 Bxd5 20. exd5 Rd8 21. c4
Bf8 22. f4 Bd6 23. f5 Ne7 24. Bxd6 cxd6 25. g4 Ng8 26. Kf2 Nf6 27. Kf3 Re8 28.
Re1 Rae7 29. Rxe7 Rxe7 30. Re1 Rxe1 31. Nxe1 Nd7 32. Nd3 Kg7 33. h3 Kf6 34. Ke4
Ke7 35. b3 f6 1/2-1/2

[Event "Fontaine - Amay"]
[Site "?"]
[Date "2013.01.13"]
[Round "7.8"]
[White "Barreau, Renaud"]
[Black "Noiroux, Kevin"]
[Result "0-1"]
[WhiteElo "1888"]
[BlackElo "2223"]
[PlyCount "52"]
[EventDate "2013.??.??"]

1. d4 Nf6 2. Nf3 d5 3. e3 e6 4. Bd3 c5 5. c3 Nc6 6. O-O Qc7 7. Nbd2 Be7 8. Qc2
e5 9. dxe5 Nxe5 10. Nxe5 Qxe5 11. Nf3 Qh5 12. Qa4+ Bd7 13. Bb5 Rd8 14. c4 O-O
15. Bxd7 Rxd7 16. cxd5 Qxd5 17. b3 Ne4 18. Bb2 Rfd8 19. Rac1 a6 20. h3 Rd6 21.
Be5 b5 22. Qa3 Rg6 23. Qb2 Nd2 24. Kh2 Rxg2+ 25. Kxg2 Nxf3 26. Rg1 Nxe5+ 0-1

[Event "Fontaine - Amay"]
[Site "?"]
[Date "2013.01.13"]
[Round "7.6"]
[White "Le Quang, Kim"]
[Black "Moussard, Jules"]
[Result "0-1"]
[WhiteElo "2285"]
[BlackElo "2437"]
[PlyCount "84"]
[EventDate "2013.??.??"]

1. c4 g6 2. g3 Bg7 3. Bg2 e5 4. Nc3 d6 5. e4 Nc6 6. Nge2 Be6 7. d3 Nge7 8. O-O
O-O 9. Nd5 Qd7 10. Bg5 f6 11. Be3 f5 12. Qd2 Rf7 13. f3 Raf8 14. Rac1 b6 15. b4
a6 16. a3 b5 17. Bg5 Nc8 18. exf5 gxf5 19. f4 N6e7 20. Nxe7+ Nxe7 21. cxb5 axb5
22. Bxe7 Qxe7 23. Nc3 c6 24. Bxc6 exf4 25. gxf4 Rc8 26. Bf3 Qa7+ 27. Kh1 Rfc7
28. Nxb5 Rxc1 29. Nxa7 Rxf1+ 30. Kg2 Rcc1 31. Nb5 Rg1+ 32. Kh3 Rcf1 33. Qe3 Re1
34. Be2 Rg6 35. Qf2 Bd5 36. Bf3 Rh6+ 37. Kg2 Rg6+ 38. Kh3 Bxf3 39. Qxf3 h6 40.
Qd5+ Kh7 41. Qxf5 Bf6 42. Qd7+ Re7 0-1

[Event "Fontaine - Amay"]
[Site "?"]
[Date "2013.01.13"]
[Round "7.4"]
[White "Maréchal, Andy"]
[Black "Tan, Matthew"]
[Result "1/2-1/2"]
[WhiteElo "2338"]
[BlackElo "2421"]
[PlyCount "46"]
[EventDate "2013.??.??"]

1. e4 e6 2. d4 d5 3. Nd2 c5 4. exd5 Qxd5 5. Ngf3 cxd4 6. Bc4 Qd6 7. Qe2 Nf6 8.
Nb3 Nc6 9. Bg5 Qb4+ 10. Bd2 Qb6 11. O-O-O Bd7 12. Bg5 h6 13. Bxf6 gxf6 14.
Nfxd4 O-O-O 15. f4 f5 16. Nxc6 Qxc6 17. g3 Bg7 18. Rhe1 h5 19. c3 h4 20. Nd4
Qc7 21. Nb5 Bxb5 22. Bxb5 hxg3 23. hxg3 Bf6 1/2-1/2

[Event "Fontaine - Amay"]
[Site "?"]
[Date "2013.01.13"]
[Round "7.2"]
[White "Cekro, Ekrem"]
[Black "Bojkov, Dejan"]
[Result "1/2-1/2"]
[WhiteElo "2393"]
[BlackElo "2507"]
[PlyCount "83"]
[EventDate "2013.??.??"]

1. c4 b6 2. Nc3 Bb7 3. e4 e6 4. g3 f5 5. Bg2 Nf6 6. d3 fxe4 7. Nge2 Nc6 8. dxe4
Bc5 9. O-O O-O 10. Na4 Bd6 11. b3 Qe7 12. Bb2 e5 13. h3 Nd8 14. Qd3 Ne6 15.
Rad1 Qf7 16. f4 exf4 17. e5 Bc5+ 18. Nxc5 Nxc5 19. Qd4 Bxg2 20. Kxg2 Ne6 21.
Qd3 Nh5 22. g4 f3+ 23. Qxf3 Nhf4+ 24. Nxf4 Nxf4+ 25. Kh2 Qe7 26. Qe4 Ne6 27.
Rf5 Rad8 28. Rdf1 a5 29. Kg3 Qc5 30. Bc3 Qa3 31. Qc2 Rde8 32. h4 Qc5 33. Qd2
Re7 34. Rxf8+ Nxf8 35. Bd4 Qc6 36. Bc3 Rf7 37. Rxf7 Kxf7 38. Qd5+ Ne6 39. Qxc6
dxc6 40. Kf3 Nc5 41. Bd4 Ne6 42. Ke4 1/2-1/2

[Event "Eynatten 2 - Zottegem"]
[Site "?"]
[Date "2013.03.03"]
[Round "10.7"]
[White "Dorr, Yannick"]
[Black "De Herdt, Yasseen"]
[Result "0-1"]
[WhiteElo "1933"]
[BlackElo "2096"]
[PlyCount "38"]
[EventDate "2013.??.??"]

1. e4 c5 2. Nf3 d6 3. d4 Nf6 4. Nc3 cxd4 5. Nxd4 Nc6 6. Bg5 g6 7. f4 Bg7 8. Bb5
Bd7 9. Nxc6 bxc6 10. Bc4 Qb6 11. Qd2 Qxb2 12. Rb1 Nxe4 13. Nxe4 Qxb1+ 14. Kf2
Qb6+ 15. Kg3 d5 16. Rd1 Be6 17. Bb3 O-O 18. Bxe7 dxe4 19. Bxe6 fxe6 0-1